Statistics for Roster For Boston Celtics 2018-19

Click here to take the quiz!

General Stats

  • This quiz has been taken 24 times
  • The average score is 7 of 18

Answer Stats

Hint Answer % Correct
11Kyrie Irving
95%
0Jayson Tatum
95%
7Jaylen Brown
91%
36Marcus Smart
86%
42Al Horford
82%
20Gordon Hayward
68%
12Terry Rozier
55%
13Marcus Morris
45%
37Semi Ojeleye
27%
46Aron Baynes
18%
30Guerschon Yabusele
14%
9Brad Wanamaker
14%
27Daniel Theis
9%
50PJ Dozier
5%
4R.J. Hunter
0%
8Jonathon Gibson
0%
8Marcus Georges-Hunt
0%
44Robert William III
0%

Score Distribution

Percentile by Number Answered

Percent of People with Each Score

Your Score History

You have not taken this quiz